000 00777nam a22002177a 4500
005 20170328113658.0
008 170328b mx ||||| |||| 00| 0 spa d
020 _a9786070307645
050 0 4 _aRC530
_bF74 2016
100 1 0 _aFreud, Sigmund,
_d1856-1939,
_eautor
245 1 0 _aPanorama de las neurosis de transferencia
_c/ por Sigmund Freud ; traducción de andreas Ilg ; comentarios, Roberto Castro Rodríguez, Octavio Chamizo
260 _aMéxico, D.F. :
_bSiglo XXI Editores,
_c2016
300 _a133 p.;
_c21 cm.
440 0 _aPsicología y Psicoanálisis
650 4 _aNeurosis
650 4 _aTransferencia (Psicología)
650 4 _aPsicoanálisis
700 1 _aIlG, Andreas,
_e tr.
700 1 _aCastro Rodríguez, Roberto,
_eprolog.
942 _2lcc
_cLIB
999 _c131412
_d131412